Power electronics (Record no. 1404)

000 -LEADER
fixed length control field 00542nam a2200205 4500
001 - CONTROL NUMBER
control field 1404
003 - CONTROL NUMBER IDENTIFIER
control field BD-DhUET
008 - FIXED-LENGTH DATA ELEMENTS--GENERAL INFORMATION
fixed length control field 140906b xxu||||| |||| 00| 0 eng d
020 ## - INTERNATIONAL STANDARD BOOK NUMBER
International Standard Book Number 8120325036
040 ## - CATALOGING SOURCE
Transcribing agency 0
Modifying agency BD-DhUET
082 ## - DEWEY DECIMAL CLASSIFICATION NUMBER
Classification number 623.17
Item number RAS/2004
100 ## - MAIN ENTRY--PERSONAL NAME
Personal name Rashid, Muhammad H.
245 ## - TITLE STATEMENT
Title Power electronics
Remainder of title circuits, devices, and applications
250 ## - EDITION STATEMENT
Edition statement 3rd ed.
260 ## - PUBLICATION, DISTRIBUTION, ETC. (IMPRINT)
Place of publication, distribution, etc. New Delhi
Name of publisher, distributor, etc. Prentice-Hall of India
Date of publication, distribution, etc. 2004
300 ## - PHYSICAL DESCRIPTION
Extent xxiv,880p.
504 ## - BIBLIOGRAPHY, ETC. NOTE
Bibliography, etc Includes bibliographies
650 #0 - SUBJECT ADDED ENTRY--TOPICAL TERM
Topical term or geographic name as entry element Power electronics
942 ## - ADDED ENTRY ELEMENTS (KOHA)
Koha item type General Book
Holdings
Not for loan Price effective from Location (home branch) Damaged status Lost status Koha item type Koha issues (times borrowed) Withdrawn status Koha full call number Piece designation (barcode) Source of classification or shelving scheme Copy number Koha date last borrowed Sublocation or collection (holding branch) Koha date last seen Date acquired Koha normalized classification for sorting Shelving location
 2014-09-06Central Library, BUET  General Book4 623.17/RAS/2004103652 12021-12-19Central Library, BUET2022-04-122014-09-06623_000000000000000_17RAS2004Circulation section
 2014-09-06Central Library, BUET  General Book1 623.17/RAS/2004103653 22022-11-29Central Library, BUET2022-11-292014-09-06623_000000000000000_17RAS2004Circulation section
 2014-09-06Central Library, BUET  General Book2 623.17/RAS/2004103654 32018-10-28Central Library, BUET2018-11-272014-09-06623_000000000000000_17RAS2004Circulation section
 2014-09-06Central Library, BUET  General Book  623.17/RAS/2004103655 4 Central Library, BUET2014-09-062014-09-06623_000000000000000_17RAS2004Circulation section
 2014-09-06Central Library, BUET  General Book1 623.17/RAS/2004103656 52014-12-07Central Library, BUET2016-03-072014-09-06623_000000000000000_17RAS2004Circulation section
 2014-09-06Central Library, BUET  General Book4 623.17/RAS/2004103657 62023-09-23Central Library, BUET2025-01-262014-09-06623_000000000000000_17RAS2004Circulation section
 2014-09-06Central Library, BUET  General Book3 623.17/RAS/2004103658 72024-12-08Central Library, BUET2025-02-092014-09-06623_000000000000000_17RAS2004Circulation section
 2014-09-06Central Library, BUET  General Book3 623.17/RAS/2004103659 82023-09-24Central Library, BUET2023-10-042014-09-06623_000000000000000_17RAS2004Circulation section
 2014-09-06Central Library, BUET  General Book  623.17/RAS/2004103660 9 Central Library, BUET2014-09-062014-09-06623_170000000000000_RAS_2004Circulation section
 2014-09-06Central Library, BUET  General Book  623.17/RAS/2004103661 10 Central Library, BUET2014-09-062014-09-06623_000000000000000_17RAS2004Circulation section